| 000 | 00831nam a2200229 i 4500 | ||
|---|---|---|---|
| 001 | 72098 | ||
| 003 | ES-MaACL | ||
| 005 | 20251005063049.0 | ||
| 007 | t| | ||
| 008 | 040826s1977 sp ||||1| spa d | ||
| 100 | 0 |
_aGil Robles, José María, _d1898-1980 _956869 |
|
| 245 | 1 | 0 |
_aDiccionario de términos electorales y parlamentarios / _cJosé María Gil-Robles, Nicolás Pérez Serrano. |
| 260 |
_a[Madrid] : _bTaurus, _c[1977] |
||
| 300 |
_a267 p., 4 lám. ; _c21 cm. |
||
| 490 | 1 |
_aBiblioteca política Taurus ; _v39 |
|
| 650 | 0 | 4 |
_aDerecho político- _vDiccionarios. _911757 |
| 650 | 4 |
_aDerecho electoral- _vDiccionarios. _9164459 |
|
| 700 | 1 |
_aPérez-Serrano Jaúregui, Nicolás. _991161 |
|
| 830 | 0 |
_aBiblioteca política Taurus ; _v39 _9176515 |
|
| 852 |
_aES-MaACL _jA-6770 _bR.96027 |
||
| 999 |
_c72098 _d72098 |
||